Common mistakes in English

Gorde:
Xehetasun bibliografikoak
Formatua: Liburua
Argitaratua: 1995
Etiketak: Etiketa erantsi
Etiketarik gabe, Izan zaitez lehena erregistro honi etiketa jartzen!
Thư viện lưu trữ: Mạng thư viện Đại học Đà Nẵng
LEADER 00449nam a22001811a 4500
001 000037619
003 13914
005 20160412020408.0
008 160412s1995 000
082 |a 4A(07)937 
245 |a Common mistakes in English  |c Nguyễn Thành Yến Dịch 
260 |c 1995 
OWN |a LNN 
999 |a From the UDN01 
TYP |a Monograph 
980 |a Mạng thư viện Đại học Đà Nẵng